Statistiques concernant Culture Générale - Série 1333

Cliquez ici pour prendre le quiz!

Statistiques générales

  • Ce quiz a été pris 63 fois
  • Le résultat moyen est 5 sur 10

Statistiques - réponses

QuestionRéponse% Correct
De quel continent est originaire l'eucalyptus ?Océanie
85%
Quelle femme de lettres française a écrit les romans "François le Champi" et "La Mare au diable" ?George Sand
69%
A quel écrivain du XIXe siècle doit-on le roman "Eugénie Grandet" ?Honoré de Balzac
66%
Sur quel cube numéroté se place un nageur au départ d'une compétition ?plot
59%
En quelle année sont signés les accords-cadres de Camp David, prévoyant un traité de paix entre Israël et l'Égypte ?1978
51%
En juillet-août 1945, quel président américain est présent à la conférence de Potsdam ?Harry Truman
49%
En 1999, dans le film "Haute Voltige", au charme de quel ex-James Bond Catherine Zeta-Jones succombe-t-elle ?Sean Connery
47%
À quel archipel grec appartiennent les îles Naxos et Paros ?Cyclades
37%
Quel ustensile de table désigne le creux visible, derrière la clavicule, chez certaines personnes ?salière
25%
Dans la série "Les Frères Scott", quel est le prénom du demi-frère de Nathan, interprété par Chad Michael Murray ?Lucas
8%

Distribution des résultats

Percentile par nombre de réponses

% des personnes avec chaque résultat

Votre développement - résultats

Vous n’avez pas pris ce quiz